00928nac a22002411u 4500010001700000020002200017020002500039035002300064082001300087090001500100100003400115245006500149246006600214260004500280300002100325504006600346650006500412650002900477700002100506942001500527999001500542952012900557 a 2007278437 a1844671097 (pbk.) a9781844671090 (pbk.) a(OCoLC)ocm75713936 a320bFRI c5076d5076 aFriel, Howard, 10aIsrael-Palestine on record /cHoward Friel and Richard Falk.1 aHow the New York Times misreports conflict in the Middle East aLondon ;aNew York :bVerso,2007.c2007. a309 p. ;c24 cm. aIncludes bibliographical references (p. [270]-302) and index. 0aArab-Israeli conflicty1993-xPress coveragezUnited States. 0aNewspapersxObjectivity.1 aFalk, Richard A. cBBk320FRI c5076d5076 00104070aMAINbMAINc1STd2011-10-07ePurchasel9m41o320FRIp000006347q2025-12-30r2023-11-05 00:00:00s2023-11-05yBB